Научно-техническое и социально-экономическое сотрудничество стран АТР в XXI веке (Запись № 11822476)

Подробности
000 -МАРКЕР
контрольное поле 03042nam0a2200385 4500
001 - ИДЕНТИФИКАТОР ЗАПИСИ
контрольное поле RU\NLR\BIBL_A\011791076
005 - ИДЕНТИФИКАТОР ВЕРСИИ
контрольное поле 20190812100656.0
010 ## - МЕЖДУНАРОДНЫЙ СТАНДАРТНЫЙ НОМЕР КНИГИ (ISBN)
Номер (ISBN) 978-5-262-00827-8
Тираж 100
021 ## - НОМЕР ГОСУДАРСТВЕННОЙ РЕГИСТРАЦИИ
Код страны Российская Федерация
Номер КН-П-18-059682
Номер Листа государственной регистраци КН-П-18-4295
035 ## - ДРУГИЕ СИСТЕМНЫЕ НОМЕРА
Идентификатор записи (NLR Aleph) 011791076
035 ## - ДРУГИЕ СИСТЕМНЫЕ НОМЕРА
Идентификатор записи (RuMoRGB)009713667
100 ## - ДАННЫЕ ОБЩЕЙ ОБРАБОТКИ
Данные общей обработки 20180912d2018 k y0rusy50 ca
101 0# - ЯЗЫК РЕСУРСА
Язык текста, звукозаписи и т.д. русский
Язык резюме английский
102 ## - СТРАНА ПУБЛИКАЦИИ ИЛИ ПРОИЗВОДСТВА
Страна публикации Российская Федерация
105 ## - ПОЛЕ КОДИРОВАННЫХ ДАННЫХ: ТЕКСТОВЫЕ МАТЕРИАЛЫ, МОНОГРАФИЧЕСКИЕ
Кодированные данные о монографическом текстовом документе a|||zzzz0|1zy
200 1# - ЗАГЛАВИЕ И СВЕДЕНИЯ ОБ ОТВЕТСТВЕННОСТИ
Основное заглавие Научно-техническое и социально-экономическое сотрудничество стран АТР в XXI веке
Сведения, относящиеся к заглавию труды Всероссийской научно-практической конференции творческой молодежи с международным участием (Хабаровск, 17-19 апреля 2018 г.)
Первые сведения об ответственности Министерство транспорта Российской Федерации, Федеральное агентство железнодорожного транспорта, Дальневосточная железная дорога - филиал ОАО "РЖД", Федеральное государственное бюджетное образовательное учреждение высшего образования "Дальневосточный государственный университет путей сообщения"
Последующие сведения об ответственности под редакцией С. А. Кудрявцева
210 ## - ПУБЛИКАЦИЯ, РАСПРОСТРАНЕНИЕ И ДР.
Место издания, распространения и т.д. Хабаровск
Имя издателя, распространителя и т. д. Изд-во ДВГУПС
Дата издания, распространения и т.д. 2018
215 ## - ФИЗИЧЕСКАЯ ХАРАКТЕРИСТИКА
Специфическое обозначение материала и объем 103, [1] с.
Другие сведения о физической характеристике ил., табл.
Размеры 20
300 ## - ОБЩИЕ ПРИМЕЧАНИЯ
Текст примечания Рез. англ.
313 ## - ПРИМЕЧАНИЯ, ОТНОСЯЩИЕСЯ К ТЕМАТИЧЕСКОМУ ДОСТУПУ
Текст примечания По пред. конф. 2017 г.
320 ## - ПРИМЕЧАНИЯ О НАЛИЧИИ В ДОКУМЕНТЕ БИБЛИОГРАФИИ / УКАЗАТЕЛЯ
Текст примечания Библиогр. в конце ст.
606 1# - НАИМЕНОВАНИЕ ТЕМЫ КАК ПРЕДМЕТ
Наименование темы Техника
Формальный подзаголовок Съезды, совещания и т.п
Системный номер авторитетной/нормативной записи 1247040
Идентификатор авторитетной/нормативной записи RU\NLR\AUTH\66510030
607 ## - ГЕОГРАФИЧЕСКОЕ НАИМЕНОВАНИЕ КАК ПРЕДМЕТ
Географическое наименование Азиатско-Тихоокеанские страны
Формальный подзаголовок Съезды, совещания и т.п
Тематический подзаголовок Экономические взаимоотношения
Системный номер авторитетной/нормативной записи 2479060
Идентификатор авторитетной/нормативной записи RU\NLR\AUTH\661471803
686 1# - ИНДЕКСЫ ДРУГИХ КЛАССИФИКАЦИЙ
Индекс Ж.я431(2)
686 1# - ИНДЕКСЫ ДРУГИХ КЛАССИФИКАЦИЙ
Индекс У9(57)89я431
702 #1 - ИМЯ ЛИЦА - ВТОРИЧНАЯ ОТВЕТСТВЕННОСТЬ
Код отношения Редактор
Графика поля Кириллица
Материалы, к которым относится поле rus
Начальный элемент ввода Кудрявцев
Часть имени, кроме начального элемента ввода С. А.
Дополнения к именам, кроме дат д-р техн. наук
Даты 1957-
Расширение инициалов личного имени Сергей Анатольевич
Системный номер авторитетной/нормативной записи 103213
Идентификатор авторитетной/нормативной записи RU\NLR\AUTH\77120288
711 12 - НАИМЕНОВАНИЕ ОРГАНИЗАЦИИ - АЛЬТЕРНАТИВНАЯ ОТВЕТСТВЕННОСТЬ
Начальный элемент ввода "Научно-техническое и социально-экономическое сотрудничество стран АТР в XXI веке", всероссийская научно-практическая конференция творческой молодежи с международным участием
Место проведения временной организации Хабаровск
Дата проведения временной организации 2018
Системный номер авторитетной/нормативной записи 625064
Идентификатор авторитетной/нормативной записи RU\NLR\AUTH\880482271
712 02 - НАИМЕНОВАНИЕ ОРГАНИЗАЦИИ - ВТОРИЧНАЯ ОТВЕТСТВЕННОСТЬ
Код отношения Издающая организация
Начальный элемент ввода Дальневосточный государственный университет путей сообщения
Идентифицирующий признак Хабаровск
Системный номер авторитетной/нормативной записи 320559
Идентификатор авторитетной/нормативной записи RU\NLR\AUTH\8823063
942 ## - ДОПОЛНИТЕЛЬНЫЕ ЭЛЕМЕНТЫ ЗАПИСИ (АБИС)
Тип экземпляра АБИС Книга
980 ## - КОЛЛЕКЦИЯ
Название коллекции НБР
980 ## - КОЛЛЕКЦИЯ
Название коллекции Национальная библиография

Нет доступных экземпляров.